000 00528nam a2200217Ia 4500
003 OSt
005 20220924133755.0
006 a|||||r|||| 00| 0
007 ta
008 220923b |||||||| |||| 00| 0 snd d
024 _a268787
037 _cTextual
040 _aARTS
_cARTS
_bsnd
041 _2snd
_asnd
082 _aO1593,1x, M1
100 _aMangtani Prakash
_9207318
245 0 _aHeeramani
260 _c1981
942 _hO1593,1x, M1
_cTEXL
_2CC
999 _c435151
_d435151